The light of the modern world : (Record no. 515993)

000 -LEADER
fixed length control field 00406nam a22001217a 4500
082 ## - DEWEY DECIMAL CLASSIFICATION NUMBER
Classification number TNC AA B469
100 ## - MAIN ENTRY--PERSONAL NAME
Personal name Bhajanananda, Swami
9 (RLIN) 22275
245 ## - TITLE STATEMENT
Title The light of the modern world :
Remainder of title The universal significance of sri ramakrishna's avatarahood and message
Statement of responsibility, etc by Swami Bhajanananda
260 ## - PUBLICATION, DISTRIBUTION, ETC. (IMPRINT)
Place of publication, distribution, etc Kolkata
Name of publisher, distributor, etc Advaita
Date of publication, distribution, etc 2012
300 ## - PHYSICAL DESCRIPTION
Extent 268p.
650 ## - SUBJECT ADDED ENTRY--TOPICAL TERM
Topical term or geographic name as entry element Philosophy, Hindu
9 (RLIN) 23428
650 ## - SUBJECT ADDED ENTRY--TOPICAL TERM
Topical term or geographic name as entry element Religion
9 (RLIN) 23429
Holdings
Withdrawn status Lost status Source of classification or shelving scheme Damaged status Koha normalized classification for sorting Not for loan Permanent location Current location Date acquired Full call number Barcode Date last seen Price effective from Koha item type
        TNC_AA_B469   Indian Institute of Public Administration Indian Institute of Public Administration 2021-02-12 TNC AA B469 GR22692 2021-02-12 2021-02-12 GR

Powered by Koha